000
00309nam a22001337a 4500
008
171017b xxu||||| |||| 00| 0 eng d
020
_a
181580
041
_a
eng
080
_2
5TH
_a
330.101.542
100
_a
52
101
_a
330.101.542
245
_a
PRINCIPLESOF MICROECONOMICS
_c
KALLEN,R
942
_2
udc
_c
BK
999
_c
34496
_d
34496